Datum a čas kvízu
31
Celkem bodů
Celkový počet nahraných bodů na tomto kvízu bez doplňovacích otázek.
6.
Pořadí na kvízu
Konečné umístění týmu na tomto kvízu.
Zaznamenané odpovědi
| # | Otázka | Odpověď | Body | Výsledky |
|---|---|---|---|---|
| 1. | Národní park České Švýcarsko z... | rysa ostrovida | 1 | |
| 2. | Francouzské námořnictvo muselo... | A | 1 | |
| 3. | Český rozhlas minulý týden ozn... | Libor Bouček | 0 | |
| 4. | Jak se jmenuje nový moderátor... | Martin Řezníček | 0 | |
| 5. | Český fotbal od úterního rána... | NCOZ (Národní centrála proti organizovanému zločinu), (MFK) Karviná | 1 | |
| 1. | Vítězné téma „vražedně“ těsnéh... | Hercule Poirot | 1 | |
| 2. | Půl bodu získáte za jméno fikt... | Harry (Hieronymus) Bosch, Michael Connelly | 0 | |
| 3. | Přiřaďte autory severských det... | 1B 2D 3C 4A | 0 | |
| 4. | Pán ohně, Čtvrtá oběť, Sál smr... | Peter May, Čína | 0 | |
| 5. | Jednou z nejúspěšnějších český... | Zmizela v mlze (Norsko), Ostrov šedých mnichů (Nizozemsko) | 0 |